100 Biggest Cities in Nepal - Statistics

General Stats
  • This quiz has been taken 18 times
  • The average score is 28 of 100
Answers on the Map
Answers color-coded by a green-red scale on the quiz's map according to % correct below.
 
Answer Stats
Population Answer % Correct
862,400 Kathmandu
100%
243,927 Biratnagar
92%
513,504 Pokhara
85%
79,136 Bhaktapur
77%
194,556 Janakpur
77%
294,098 Lalitpur
77%
193,576 Hetauda
69%
369,268 Bharatpur
62%
272,382 Birgunj
62%
116,192 Birtamod
62%
198,792 Dhangadhi
54%
166,531 Dharan
54%
197,241 Itahari
54%
164,444 Nepalgunj
54%
154,886 Birendranagar
46%
107,227 Damak
46%
200,530 Ghorahi
46%
136,222 Kalaiya
46%
70,803 Rajbiraj
46%
122,320 Bhimdatta
38%
194,335 Butwal
38%
74,914 Inaruwa
38%
102,031 Lahan
38%
133,755 Tokha
38%
84,018 Arjundhara
31%
67,690 Banepa
31%
74,361 Bardibas
31%
81,771 Belbari
31%
70,913 Bhadrapur
31%
98,746 Godawari
31%
74,505 Gulariya
31%
127,307 Jitpursimara
31%
86,821 Kawasoti
31%
101,667 Kohalpur
31%
119,756 Madhyapur Thimi
31%
133,073 Mechinagar
31%
74,436 Siddharthanagar
31%
89,835 Tikapur
31%
179,755 Tulsipur
31%
177,557 Budhanilkantha
23%
136,860 Chandragiri
23%
60,451 Gauradaha
23%
72,481 Gaushala
23%
86,034 Ghodaghodi
23%
149,366 Gokarneshwar
23%
81,578 Kirtipur
23%
90,971 Lamki Chuha
23%
123,116 Mahalaxmi
23%
115,437 Nagarjun
23%
64,017 Ramgram
23%
89,905 Ratnanagar
23%
95,410 Siraha
23%
72,085 Sunawal
23%
140,085 Suryabinayak
23%
151,479 Tarakeshwar
23%
70,908 Urlabari
23%
78,939 Vyas
23%
96,714 Banganga
15%
63,252 Bansgadhi
15%
76,703 Bardaghat
15%
81,807 Chandrapur
15%
88,083 Changunarayan
15%
79,349 Gaindakot
15%
64,558 Gauriganga
15%
63,885 Golbazar
15%
63,802 Jaleshwar
15%
130,433 Kageshwari-Manohara
15%
71,016 Kamalamai
15%
88,874 Kapilvastu
15%
70,111 Krishnanagar
15%
71,500 Krishnapur
15%
66,419 Lalbandi
15%
61,091 Madhyabindu
15%
61,748 Punarbas
15%
60,831 Rajapur
15%
63,452 Ramdhuni
15%
66,617 Rapti
15%
78,393 Sainamaina
15%
84,810 Shivaraj
15%
149,479 Tilottama
15%
102,725 Triyuga
15%
91,087 Barahachhetra
8%
81,120 Barahathawa
8%
72,533 Barbardiya
8%
76,507 Buddhabhumi
8%
72,457 Devdaha
8%
70,207 Dudhauli
8%
66,074 Duhabi
8%
60,857 Garuda
8%
68,377 Ishwarpur
8%
59,507 Katari
8%
67,385 Khairhani
8%
87,383 Lumbini Sanskritik
8%
64,645 Maharajganj
8%
59,425 Mirchaiya
8%
72,451 Pathari Shanischare
8%
61,139 Ratuwamai
8%
62,282 Sabaila
8%
74,077 Shivasatakshi
8%
121,305 Sundar Haraincha
8%
No matching quizzes found
Score Distribution
Percent of People with Each Score
Percentile by Number Answered
Your Score History
You have not taken this quiz